Putování za slovy : knihovny v sousedství = Worte über Orte : bibliotheken im nachbarland

Jazyk: Němčina
Čeština
Vydáno: Brno : Moravská zemská knihovna ;Treffpunkt Bibliothek ;Unabhängiges Literaturhaus NÖ, [2022]
Témata:
Fyzický popis: 66, 76 stran ; 24 cm
Language note: Souběžný německý text tištěn zvratmo včetně vlastní titulní stránky
Knihy
Uloženo v:
LEADER 02508nam a2200661 i 4500
001 001853931
003 CZ BrMZK
005 20241113134921.0
007 ta
008 230330t20222022xr f 000 e cze
015 |a cnb003518904 
020 |q (Brožováno) 
040 |a BOA001  |b cze  |e rda 
041 1 |a cze  |a ger  |h cze  |h ger 
043 |a e-xr---  |b e-xr-mr  |a e-au---  |2 czenas 
044 |a xr  |a au 
045 |a y2y2 
072 7 |a 026/027  |x Knihovny  |2 Konspekt  |9 12 
080 |a 026/027  |2 MRF 
080 |a 02  |2 MRF 
080 |a 913(437.32)  |2 MRF 
080 |a 913(436.2)  |2 MRF 
080 |a (437.32)  |2 MRF 
080 |a (436.2)  |2 MRF 
080 |a (0:82-4)  |2 MRF 
080 |a (0.027)=030  |2 MRF 
245 0 0 |a Putování za slovy :  |b knihovny v sousedství = Worte über Orte : bibliotheken im nachbarland 
246 3 1 |a Worte über Orte 
264 1 |a Brno :  |b Moravská zemská knihovna ;  |a [St. Pölten] :  |b Treffpunkt Bibliothek ;  |a [Krems an der Donau] :  |b Unabhängiges Literaturhaus NÖ,  |c [2022] 
264 4 |c ©2022 
300 |a 66, 76 stran ;  |c 24 cm 
336 |a text  |b txt  |2 rdacontent 
337 |a bez média  |b n  |2 rdamedia 
338 |a svazek  |b nc  |2 rdacarrier 
546 |a Souběžný německý text tištěn zvratmo včetně vlastní titulní stránky 
648 7 |a 2021-2030  |7 ch1094457 
648 4 |a 2022 
650 0 7 |a knihovny  |7 ph114926  |z Česko  |y 2021-2030  |2 czenas 
650 0 7 |a knihovny  |7 ph114926  |z Rakousko  |y 2021-2030  |2 czenas 
650 0 7 |a knihovnictví  |7 ph121664  |z Česko  |2 czenas 
650 0 7 |a knihovnictví  |7 ph121664  |z Rakousko  |2 czenas 
650 0 9 |a libraries  |z Czechia  |y 2021-2030  |2 eczenas 
650 0 9 |a libraries  |z Austria  |y 2021-2030  |2 eczenas 
650 0 9 |a librarianship  |z Czechia  |2 eczenas 
650 0 9 |a librarianship  |z Austria  |2 eczenas 
651 7 |a Morava (Česko)  |7 ge130070  |x reálie  |2 czenas 
651 7 |a Dolní Rakousko (Rakousko)  |7 ge134134  |x reálie  |2 czenas 
651 9 |a Moravia (Czechia)  |x description and travel  |2 eczenas 
651 9 |a Lower Austria (Austria)  |x description and travel  |2 eczenas 
655 7 |a eseje  |7 fd132213  |2 czenas 
655 7 |a dvojjazyčná vydání  |7 fd194533  |2 czenas 
655 9 |a essays  |2 eczenas 
655 9 |a bilingual editions  |2 eczenas 
910 |a BOA001  |b 2-1503.883 
990 |a BK 
991 |b 202304  |c NOV 
996 6 |b 2610936141  |c 2-1503.883  |l MZK  |r Sklad / do 1 hodiny  |n 0  |p dar  |w 001921233  |u 000010  |a 1  |e BOA001  |j MZK50  |s P 
996 7 |b 2610987157  |c 2-1503.883  |l MZK  |r Sklad / do 1 hodiny  |n 0  |p dar  |w 001921233  |u 000020  |a 1  |e BOA001  |j MZK50  |s A